World's Longest Commercial Flight (With Stops) - Statistics

General Stats
  • This quiz has been taken 146 times
    45 since last reset
  • The average score is 34 of 48
Answer Stats
City Airline % Correct
Los Angeles
97%
Paris (CDG)
97%
Paris (CDG)
97%
Paris (CDG) Air France
97%
Paris (ORY) French Bee
97%
Singapore
97%
Singapore Singapore Airlines
97%
Singapore
97%
Beijing (PEK) Air China
94%
Dubai Emirates
94%
London (LHR)
94%
New York (JFK)
94%
New York (JFK)
94%
Sydney British Airways/Qantas
94%
Sydney Qantas
94%
Sydney Qantas
94%
Sydney Qantas
94%
Sydney
94%
Sydney Turkish Airlines
94%
Istanbul
91%
Istanbul
91%
Perth
89%
Perth
89%
Melbourne Turkish Airlines
86%
Toronto (YYZ) Air Canada
86%
Paris (CDG) Air Tahiti Nui
71%
San Francisco
71%
Auckland
69%
São Paulo (GRU)
69%
Vancouver
69%
Rome (FCO)
60%
Bangkok (BKK)
54%
Frankfurt
54%
Moscow (VKO)
54%
Papeete
51%
Papeete
51%
Papeete
51%
Seattle
49%
Kuala Lumpur
46%
Madrid
46%
Guangzhou
37%
Guangzhou
37%
Mexico City (MEX)
34%
Barcelona
31%
Nouméa Aircalin
29%
Caracas Conviasa
23%
Caracas Conviasa
23%
Havana
20%
No matching quizzes found
Score Distribution
Percent of People with Each Score
Percentile by Number Answered
Your Score History
You have not taken this quiz since the last reset